| 000 | 00754nam a22002295i 4500 | ||
|---|---|---|---|
| 999 |
_c27959 _d27930 |
||
| 003 | EG-ScBUE | ||
| 005 | 20200127101151.0 | ||
| 008 | 200127s201u xx f 000 0 eng d | ||
| 040 |
_aEG-ScBUE _beng _erda _cEG-ScBUE _dEG-ScBUE |
||
| 043 | _aa-cc--- | ||
| 082 | 0 | 4 |
_a784.1951 _bCHI _222 |
| 245 | 0 | 0 | _aChinese musical instruments. |
| 264 | 1 |
_a[Place of publication not identified] : _b[publisher not identified], _c[201-] |
|
| 300 |
_a56 pages : _billustrations color ; _c22 cm |
||
| 336 |
_atext _btxt _2rdacontent |
||
| 337 |
_aunmediated _bn _2rdamedia |
||
| 338 |
_avolume _bnc _2rdacarrier |
||
| 650 | 7 |
_aMusical instruments _zChina. _2BUEsh |
|
| 653 |
_bHHUUCCHH _cJanuary2020 |
||
| 942 |
_2ddc _cBB |
||